| 000 | 00845nam a2200265 i 4500 | ||
|---|---|---|---|
| 005 | 20220317000940.0 | ||
| 008 | 160801s2008 sp gs 000 0 spa d | ||
| 020 | _a9788420467085 | ||
| 040 |
_aCO-BoRNBP _bspa _cCO-BoRNBP _erda |
||
| 100 | 1 |
_aVargas Llosa, Mario, _d1936- _eautor |
|
| 245 | 1 | 0 |
_aConversación en la catedral _cMario Vargas Llosa |
| 250 | _aSegunda edición | ||
| 264 | 1 |
_aMadrid _bAlfaguara _c2008 |
|
| 300 |
_a734 páginas _c22 cm |
||
| 336 |
_atexto _btxt _2rdacontent |
||
| 337 |
_asin mediación _bn _2rdamedia |
||
| 338 |
_avolumen _bnc _2rdacarrier |
||
| 490 | _aBiblioteca Mario Vargas Llosa | ||
| 500 | _aIncluye datos biográficos | ||
| 650 | 1 | 4 |
_aNovela peruana _ySiglo XX _2LEMB |
| 650 | 1 | 4 |
_aLiteratura peruana _ySiglo XX _2LEMB |
| 650 | 1 | 4 |
_aNovela histórica peruana _2LEMB |
| 942 |
_2loc _cBKLIT |
||
| 084 | _aN VAR1 | ||
| 999 |
_c5492 _d5492 |
||